000 00695nam a2200289Ia 4500
005 20260324145427.0
008 008 260324s9999 xx 000 0 eng d
020 _a9781315411651
037 _aEBOOK
040 _aCRL
040 _beng
040 _cCRL
041 _2eng
041 _aeng
084 _qCRL
100 _aBronwyn Davies
_91161493
245 0 _aLife in the Classroom and Playground
245 4 _bThe Accounts of Primary School Children
260 _bTaylor and Francis
260 _c1982
365 _a
365 _b180
856 _uhttp://www.taylorfrancis.com/books/9781315411651
942 _cEBOOK
999 _c1830813
_d1830813